|
|
|
|
| LEADER |
00000nam a2200000 a 4500 |
| 001 |
vtls001154450 |
| 003 |
SK-MaSNL |
| 005 |
20260224015037.0 |
| 008 |
180129s1967 xx 0 slo |
| 035 |
|
|
|a SNK000097337
|
| 040 |
|
|
|a SNK
|b slo
|c SNK
|e AACR2
|
| 041 |
0 |
|
|a slo
|
| 245 |
1 |
|
|a 1. konferencia o plochých strechách
|
| 260 |
|
|
|a Bratislava
|b Dom techniky ČSVTS
|c 1967
|
| 958 |
|
|
|a OND
|
| 999 |
|
|
|c 795342
|d 797272
|
| 952 |
|
|
|a SNK
|b SNK
|y PREZ
|7 0
|p 17A0823473
|o snkSB 41638
|0 0
|1 0
|4 0
|d 2012-05-14
|f 1
|l 0
|r 2025-04-30 00:00:00
|w 2026-02-24
|
| 952 |
|
|
|t P60, <04>, [BOOK], {604}
|a SNK
|b SNK
|y VYP
|7 0
|p 17A0109919
|o snkSB 41638 D1
|0 0
|1 0
|4 0
|d 1997-11-26
|l 0
|r 2005-01-01 00:00:00
|w 2026-02-24
|